Sports Quiz

Random Sports or Football Quiz
Score 0/18 Timer 05:00
0 Plays Today
Word Hint Word % Correct
kjuejuke
96.9%
lafgflag
95.4%
lbokcblock
93.8%
rhotwthrow
86.2%
kbatuqrrcequarterback
78.5%
haccocoach
78.5%
otoflblafootball
75.4%
ynepatlpenalty
75.4%
tkcpeopocket
73.8%
Word Hint Word % Correct
nkcngrinunabrunningback
72.3%
iokcffkickoff
71.9%
owhcotudntouchdown
67.7%
ircervrereceiver
66.2%
lkcaulfbfullback
56.9%
etiarpccpractice
49.2%
rbkilanceelinebacker
35.4%
gethidnetight end
26.2%
kupmaekfpumpfake
23.1%
Remove Ads.
Support Sporcle.
Get the best of Sporcle when you Go Orange. This ad-free experience offers more features, more stats, and more fun while also helping to support Sporcle. Thank you for becoming a member.

You're not logged in!

Compare scores with friends on all Sporcle quizzes.
OR
Log In

Show Comments

Extras

Top Quizzes Today


Score Distribution

Your Account Isn't Verified!

In order to create a playlist on Sporcle, you need to verify the email address you used during registration. Go to your Sporcle Settings to finish the process.

Report this User

Report this user for behavior that violates our Community Guidelines.

Details: